[Event "Francophone-ch 3rd"]
[Site "Montreal"]
[Date "2015.07.23"]
[Round "7"]
[White "Sharpe, Michael D"]
[Black "Renaux, Osmin"]
[Result "0-1"]
[WhiteElo "1623"]
[BlackElo "1918"]
[PlyCount "116"]
[EventDate "2015.07.17"]
[EventType "swiss"]
[EventRounds "9"]
[EventCountry "CAN"]
[SourceTitle "EXT 2016"]
[Source "ChessBase"]
[SourceDate "2015.10.08"]
[SourceVersion "1"]
[SourceVersionDate "2015.10.08"]
[SourceQuality "1"]

1. c4 e5 2. Nc3 f5 3. d4 e4 4. Nh3 Nf6 5. e3 Be7 6. Be2 0-0 7. Qb3 d6 8. Bd2 c6 9. 0-0-0 Kh8 10. Nf4 a6 11. h4 b5 12. h5 bxc4 13. Bxc4 d5 14. Be2 a5 15. Rh3 Ng8 16. Rg1 Nh6 17. Qd1 Na6 18. Rgh1 Bg5 19. g3 Nc7 20. f3 Rb8 21. R3h2 Qd6 22. Rg1 Ne6 23. Nh3 Be7 24. Nf2 Bd7 25. Qc2 c5 26. dxc5 Nxc5 27. Kd1 d4 28. Ke1 dxc3 29. Bxc3 exf3 30. Bxf3 Bb5 31. Be2 Bxe2 32. Kxe2 a4 33. Rhg2 Qa6+ 34. Ke1 Rbd8 35. g4 fxg4 36. Qe2 Qxe2+ 37. Kxe2 Bf6 38. Bxf6 Rxf6 39. Nxg4 Nxg4 40. Rxg4 Rf7 41. Rc1 Nd3 42. Rf1 Rxf1 43. Kxf1 Nxb2 44. Rb4 a3 45. Rb3 Nc4 46. Rc3 Rc8 47. Ke2 Kg8 48. Kf2 Kf7 49. Kg3 Rc5 50. Kh4 Kf6 51. e4 Ke5 52. Rg3 Rc7 53. Rg4 Nd2 54. Rg3 Ra7 55. Rg2 Nxe4 56. Kh3 Rb7 57. Kh4 Kf5 58. Kh3 g5 0-1

[Event "Francophone-ch 3rd"]
[Site "Montreal"]
[Date "2015.07.21"]
[Round "5"]
[White "Coqueraut, Lodewyk"]
[Black "Renaux, Osmin"]
[Result "0-1"]
[WhiteElo "1637"]
[BlackElo "1918"]
[PlyCount "60"]
[EventDate "2015.07.17"]
[EventType "swiss"]
[EventRounds "9"]
[EventCountry "CAN"]
[SourceTitle "EXT 2016"]
[Source "ChessBase"]
[SourceDate "2015.10.08"]
[SourceVersion "1"]
[SourceVersionDate "2015.10.08"]
[SourceQuality "1"]

1. e4 e5 2. Nf3 Nc6 3. Nc3 Nf6 4. Bc4 Nxe4 5. Bxf7+ Kxf7 6. Nxe4 d5 7. Neg5+ Kg8 8. d3 h6 9. Nh3 Bg4 10. Nhg1 Qe8 11. Be3 Rd8 12. c3 e4 13. dxe4 dxe4 14. Qa4 b5 15. Qxb5 exf3 16. gxf3 Bh5 17. Ne2 Bxf3 18. Rg1 Ne5 19. Qxe8 Rxe8 20. Nf4 Kh7 21. Rg3 g5 22. Ne2 Bd6 23. Rxf3 Nxf3+ 24. Kd1 Rd8 25. Kc2 Rhe8 26. Ng3 Bxg3 27. hxg3 a5 28. Rc1 a4 29. b4 Ne5 30. f4 Nd3 0-1

[Event "Budapest FS08 FM-A"]
[Site "Budapest"]
[Date "2014.08.09"]
[Round "7"]
[White "Renaux, Osmin"]
[Black "Steer, Jozsef"]
[Result "1-0"]
[WhiteElo "1973"]
[BlackElo "1912"]
[PlyCount "59"]
[EventDate "2014.08.02"]
[EventType "tourn"]
[EventRounds "9"]
[EventCountry "HUN"]
[SourceTitle "CBM 161 Extra"]
[Source "ChessBase"]
[SourceDate "2014.08.29"]
[SourceVersion "1"]
[SourceVersionDate "2014.08.29"]
[SourceQuality "1"]

1. d4 d5 2. c4 c6 3. Nf3 Nf6 4. e3 Bg4 5. Be2 dxc4 6. Bxc4 e6 7. Nc3 Nbd7 8. 0-0 g6 9. e4 b5 10. Bd3 Bg7 11. h3 Bxf3 12. Qxf3 0-0 13. e5 Nd5 14. Nxd5 exd5 15. Qg4 Re8 16. Bg5 f5 17. Qh4 Qc7 18. Rac1 a6 19. g4 fxg4 20. Qxg4 Nf8 21. f4 Ne6 22. f5 Nxg5 23. Qxg5 Qb6 24. Rf4 Bxe5 25. fxg6 Bxd4+ 26. Kh1 Ra7 27. gxh7+ Kh8 28. Qg6 Rae7 29. Rcf1 Bg7 30. Rf8+ 1-0

[Event "Budapest FS08 FM-A"]
[Site "Budapest"]
[Date "2014.08.02"]
[Round "1"]
[White "Denous, Cyprien"]
[Black "Renaux, Osmin"]
[Result "1/2-1/2"]
[WhiteElo "2004"]
[BlackElo "1973"]
[PlyCount "22"]
[EventDate "2014.08.02"]
[EventType "tourn"]
[EventRounds "9"]
[EventCountry "HUN"]
[SourceTitle "CBM 161 Extra"]
[Source "ChessBase"]
[SourceDate "2014.08.29"]
[SourceVersion "1"]
[SourceVersionDate "2014.08.29"]
[SourceQuality "1"]

1. e4 e5 2. Nf3 Nc6 3. d4 exd4 4. Nxd4 Bc5 5. Be3 Qf6 6. Nb5 Bxe3 7. fxe3 Qd8 8. N1c3 a6 9. Nd4 Nge7 10. Bc4 Ne5 11. Bb3 d6 1/2-1/2

[Event "FRA-ch op-B"]
[Site "Pau"]
[Date "2012.08.19"]
[Round "6"]
[White "Renaux, Osmin"]
[Black "Peyre, Camille"]
[Result "0-1"]
[WhiteElo "1997"]
[BlackElo "1921"]
[PlyCount "90"]
[EventDate "2012.08.14"]
[EventType "swiss"]
[EventRounds "11"]
[EventCountry "FRA"]
[SourceTitle "EXT 2013"]
[Source "ChessBase"]
[SourceDate "2012.11.22"]
[SourceVersion "1"]
[SourceVersionDate "2012.11.22"]
[SourceQuality "1"]

1. d4 Nf6 2. c4 e6 3. Nf3 b6 4. e3 Bb7 5. Nbd2 Bb4 6. Bd3 0-0 7. 0-0 d5 8. cxd5 exd5 9. a3 Bd6 10. b4 Nbd7 11. Bb2 Re8 12. Rc1 Ne4 13. Re1 a6 14. Nf1 Qe7 15. N3d2 Qh4 16. g3 Qg5 17. f4 Qe7 18. Qh5 Ndf6 19. Qh4 Qd7 20. h3 Be7 21. Nf3 Nf2 22. Ne5 Qe6 23. f5 Qd6 24. g4 Nxd3 25. Nxd3 Ne4 26. Qh5 Bg5 27. Ne5 g6 28. Nxf7 gxh5 29. Nxd6 cxd6 30. Rc7 Rab8 31. Kg2 Rec8 32. Rec1 Rxc7 33. Rxc7 b5 34. gxh5 Bd8 35. Rd7 Bc6 36. Ra7 Ra8 37. Rxa8 Bxa8 38. Kf3 Bc6 39. Nh2 Be8 40. h6 Bh5+ 41. Ng4 Bg5 42. Bc1 Bxg4+ 43. Kxg4 Bxh6 44. Kh5 Bg7 45. Kg4 Kf7 0-1

[Event "Saint Affrique op 20th"]
[Site "Saint Affrique"]
[Date "2012.07.23"]
[Round "3"]
[White "Renaux, Osmin"]
[Black "Bizeul, Pierre"]
[Result "0-1"]
[WhiteElo "1970"]
[BlackElo "1647"]
[PlyCount "64"]
[EventDate "2012.07.21"]
[EventType "swiss"]
[EventRounds "9"]
[EventCountry "FRA"]
[SourceTitle "CBM 149 Extra"]
[Source "ChessBase"]
[SourceDate "2012.08.24"]
[SourceVersion "1"]
[SourceVersionDate "2012.08.24"]
[SourceQuality "1"]

1. d4 Nf6 2. c4 g6 3. Nc3 Bg7 4. e4 d6 5. Be2 0-0 6. Bg5 Nbd7 7. Qd2 c5 8. d5 a6 9. a4 Qa5 10. Ra3 Nb6 11. Qc2 Rb8 12. Bd2 Na8 13. Nf3 Qd8 14. 0-0 b6 15. Ne1 e6 16. f4 exd5 17. cxd5 Re8 18. e5 dxe5 19. fxe5 Ng4 20. Ne4 Qxd5 21. Bxg4 Bxg4 22. Ng5 Rxe5 23. Rd3 Qc6 24. Nxf7 Rf5 25. Qc4 Rxf1+ 26. Kxf1 Be6 27. Qf4 Rf8 28. Nd8 Rxf4+ 29. Bxf4 Qe4 30. Nxe6 Qxe6 31. Rd8+ Kf7 32. Rxa8 Qc4+ 0-1

[Event "Reunion op 13th"]
[Site "St Denis"]
[Date "2011.10.06"]
[Round "6"]
[White "Laplanche, Denis"]
[Black "Renaux, Osmin"]
[Result "1-0"]
[WhiteElo "2125"]
[BlackElo "1977"]
[PlyCount "89"]
[EventDate "2011.10.01"]
[EventType "swiss"]
[EventRounds "9"]
[EventCountry "RUF"]
[SourceTitle "EXT 2012"]
[Source "ChessBase"]
[SourceDate "2011.11.24"]
[SourceVersion "1"]
[SourceVersionDate "2011.11.24"]
[SourceQuality "1"]

1. d4 Nf6 2. c4 g6 3. Nc3 Bg7 4. e4 d6 5. f3 0-0 6. Be3 Nbd7 7. Qd2 c5 8. Nge2 cxd4 9. Nxd4 Qa5 10. Be2 a6 11. 0-0 Ne5 12. Rac1 Bd7 13. Rfd1 Rfd8 14. Nd5 Qxd2 15. Rxd2 Nxd5 16. cxd5 Rac8 17. Rdc2 Rxc2 18. Rxc2 Rc8 19. Rxc8+ Bxc8 20. b4 Bd7 21. h3 Ba4 22. f4 Nd7 23. Kf2 Kf8 24. g4 Bxd4 25. Bxd4 e5 26. dxe6 fxe6 27. Ba1 Bc2 28. Ke3 e5 29. f5 gxf5 30. exf5 d5 31. Bf3 e4 32. Be2 Ke7 33. g5 Bb1 34. a3 Nf8 35. Bd4 Nd7 36. h4 Bc2 37. Bg4 Ba4 38. h5 Nf8 39. Bc5+ Kf7 40. Kd4 Bc6 41. Bd1 Nd7 42. Bd6 b6 43. h6 Kg8 44. Bb3 Kf7 45. Bf4 1-0

[Event "Reunion op 13th"]
[Site "St Denis"]
[Date "2011.10.03"]
[Round "4"]
[White "Payet, Jean Claude"]
[Black "Renaux, Osmin"]
[Result "0-1"]
[WhiteElo "1750"]
[BlackElo "1977"]
[PlyCount "104"]
[EventDate "2011.10.01"]
[EventType "swiss"]
[EventRounds "9"]
[EventCountry "RUF"]
[SourceTitle "EXT 2012"]
[Source "ChessBase"]
[SourceDate "2011.11.24"]
[SourceVersion "1"]
[SourceVersionDate "2011.11.24"]
[SourceQuality "1"]

1. e4 e5 2. Nf3 Nc6 3. d4 exd4 4. Nxd4 Bc5 5. Be3 Qf6 6. c3 Nge7 7. Be2 d6 8. a4 Qg6 9. Bf3 Ne5 10. Nd2 Nxf3+ 11. Qxf3 0-0 12. b4 Bxd4 13. cxd4 f5 14. 0-0 Be6 15. b5 Rae8 16. Qg3 Qh5 17. f3 h6 18. d5 Bf7 19. Bxa7 Bg6 20. Bd4 fxe4 21. fxe4 Qe2 22. Qe3 Qxe3+ 23. Bxe3 Nxd5 24. exd5 Rxe3 25. Rxf8+ Kxf8 26. Rc1 Rd3 27. Nf3 Rxd5 28. Rxc7 Be4 29. Kf2 Rd3 30. Rc4 Bd5 31. Rd4 Rxd4 32. Nxd4 g6 33. a5 Ke7 34. Ke3 Bxg2 35. Nf3 Bf1 36. b6 Ke6 37. Kd4 g5 38. Nd2 Bb5 39. Ne4 Bc6 40. Nf2 h5 41. Nd3 Kd7 42. Kc4 g4 43. Nf2 Bf3 44. Kd4 Kc6 45. Kc4 h4 46. Kd4 Kb5 47. Ne4 Bxe4 48. Kxe4 g3 49. hxg3 hxg3 50. Kf3 Kxa5 51. Kxg3 Kxb6 52. Kf4 Kc5 0-1

[Event "Reunion op 13th"]
[Site "St Denis"]
[Date "2011.10.01"]
[Round "1"]
[White "Renaux, Osmin"]
[Black "Artigaud, Laurent"]
[Result "1-0"]
[WhiteElo "1977"]
[BlackElo "1470"]
[PlyCount "39"]
[EventDate "2011.10.01"]
[EventType "swiss"]
[EventRounds "9"]
[EventCountry "RUF"]
[SourceTitle "EXT 2012"]
[Source "ChessBase"]
[SourceDate "2011.11.24"]
[SourceVersion "1"]
[SourceVersionDate "2011.11.24"]
[SourceQuality "1"]

1. d4 d5 2. Nf3 Nc6 3. c4 e6 4. Nc3 Nf6 5. Bg5 Be7 6. e3 0-0 7. Qc2 a5 8. a3 h6 9. h4 b6 10. Bxf6 Bxf6 11. g4 g6 12. g5 hxg5 13. hxg5 Bxg5 14. Bd3 Ne7 15. Nxg5 Ba6 16. f4 dxc4 17. Qh2 Kg7 18. Qh7+ Kf6 19. Nce4+ Kf5 20. Qh3# 1-0

[Event "FRA-ch op-B"]
[Site "Caen"]
[Date "2011.08.27"]
[Round "11"]
[White "Renaux, Osmin"]
[Black "Doucet, Antoine"]
[Result "0-1"]
[WhiteElo "1964"]
[BlackElo "1840"]
[PlyCount "52"]
[EventDate "2011.08.16"]
[EventType "swiss"]
[EventRounds "11"]
[EventCountry "FRA"]
[SourceTitle "EXT 2012"]
[Source "ChessBase"]
[SourceDate "2011.11.24"]
[SourceVersion "1"]
[SourceVersionDate "2011.11.24"]
[SourceQuality "1"]

1. d4 d5 2. Nf3 Nc6 3. c4 Bg4 4. Ne5 Nxe5 5. dxe5 dxc4 6. Qc2 Qd5 7. e4 Qxe5 8. Bxc4 e6 9. Be3 Bb4+ 10. Nc3 c6 11. 0-0 Bc5 12. Bd2 Nf6 13. Na4 Bd6 14. f4 Qd4+ 15. Kh1 Nxe4 16. Be1 Bf5 17. Bd3 Ng3+ 18. Bxg3 Bxd3 19. Qd1 Qe4 20. Re1 Qd4 21. Re2 0-0-0 22. Rd2 Bxf4 23. Bxf4 Qxf4 24. Nc5 Be4 25. Rd7 Bxg2+ 26. Kxg2 Qg5+ 0-1

[Event "FRA-ch op-B"]
[Site "Caen"]
[Date "2011.08.17"]
[Round "2"]
[White "Portales, Fabien"]
[Black "Renaux, Osmin"]
[Result "1-0"]
[WhiteElo "1874"]
[BlackElo "1964"]
[PlyCount "57"]
[EventDate "2011.08.16"]
[EventType "swiss"]
[EventRounds "11"]
[EventCountry "FRA"]
[SourceTitle "EXT 2012"]
[Source "ChessBase"]
[SourceDate "2011.11.24"]
[SourceVersion "1"]
[SourceVersionDate "2011.11.24"]
[SourceQuality "1"]

1. d4 c5 2. c3 cxd4 3. cxd4 d5 4. Nc3 Nc6 5. Nf3 Nf6 6. e3 g6 7. Be2 Bg7 8. 0-0 0-0 9. Bd2 Ne4 10. Be1 f5 11. Nd2 e5 12. Ndxe4 dxe4 13. dxe5 Nxe5 14. Qb3+ Kh8 15. Rd1 Qg5 16. Kh1 Bd7 17. Nd5 Bc6 18. Bc3 Qh4 19. Nc7 Rae8 20. Nxe8 Rxe8 21. Bb5 Ng4 22. h3 Be5 23. Bxc6 bxc6 24. Qf7 Rg8 25. Kg1 Bxc3 26. bxc3 Ne5 27. Qxa7 h5 28. Qd4 Re8 29. f4 1-0

[Event "Montpellier op"]
[Site "Montpellier"]
[Date "2007.12.28"]
[Round "6"]
[White "Renaux, Osmin"]
[Black "Donskoi, Karel"]
[Result "0-1"]
[WhiteElo "1927"]
[BlackElo "2054"]
[PlyCount "68"]
[EventDate "2007.12.26"]
[EventType "swiss"]
[EventRounds "7"]
[EventCountry "FRA"]
[SourceTitle "CBM 122 Extra"]
[Source "ChessBase"]
[SourceDate "2008.03.04"]
[SourceVersion "1"]
[SourceVersionDate "2008.03.04"]
[SourceQuality "1"]

1. d4 Nf6 2. c4 c5 3. d5 b5 4. cxb5 a6 5. bxa6 d6 6. Nc3 Bxa6 7. f4 g6 8. Nf3 Bg7 9. e4 Bxf1 10. Rxf1 Nfd7 11. e5 dxe5 12. fxe5 Nxe5 13. Nxe5 Bxe5 14. Bh6 Nd7 15. Qf3 f6 16. Ne4 Qa5+ 17. Kf2 Bxb2 18. Rae1 Bd4+ 19. Kg3 0-0-0 20. d6 Ne5 21. Qb3 c4 22. Rc1 Qd5 23. dxe7 Qxe4 24. exd8Q+ Kxd8 25. Qd1 g5 26. h3 Nd3 27. Kh2 Nxc1 28. Qxc1 Be5+ 29. Kh1 Re8 30. Rd1+ Ke7 31. Bxg5 fxg5 32. Qxg5+ Bf6 33. Qc5+ Kf7 34. Qh5+ Kg8 0-1

[Event "Montpellier op"]
[Site "Montpellier"]
[Date "2007.12.28"]
[Round "5"]
[White "Renaux, Osmin"]
[Black "Lenfant, Francois"]
[Result "0-1"]
[WhiteElo "1927"]
[BlackElo "2117"]
[PlyCount "68"]
[EventDate "2007.12.26"]
[EventType "swiss"]
[EventRounds "7"]
[EventCountry "FRA"]
[SourceTitle "CBM 122 Extra"]
[Source "ChessBase"]
[SourceDate "2008.03.04"]
[SourceVersion "1"]
[SourceVersionDate "2008.03.04"]
[SourceQuality "1"]

1. d4 Nf6 2. c4 e6 3. Nf3 b6 4. e3 Bb7 5. Bd3 d5 6. b3 Bd6 7. Bb2 0-0 8. 0-0 Nbd7 9. Ne5 dxc4 10. bxc4 c5 11. Qe2 Qc7 12. f4 Be4 13. Nd2 Bxd3 14. Qxd3 Rfd8 15. Ndf3 Rac8 16. Nxf7 Kxf7 17. Ng5+ Ke7 18. d5 Nf8 19. Bxf6+ gxf6 20. Nxe6 Nxe6 21. Qe4 Kf8 22. dxe6 Qe7 23. Rad1 Bb8 24. Rd5 Rxd5 25. cxd5 c4 26. Qc2 Kg8 27. Rf3 Qa3 28. e4 c3 29. e5 Qb2 30. Rg3+ Kh8 31. Rxc3 Qa1+ 32. Qc1 Qxc1+ 33. Rxc1 Rxc1+ 34. Kf2 fxe5 0-1